[Event "10th Rector Cup (women)"]
[Site "Kharkiv"]
[Date "2008.02.27"]
[Round "1"]
[White "Bulmaga, I."]
[Black "Karlovich, A."]
[Result "1/2-1/2"]
[WhiteElo "2132"]
[BlackElo "2198"]
[PlyCount "92"]
[EventDate "2008.02.27"]
[SourceDate "2008.02.27"]

1. e4 e5 2. Nf3 Nc6 3. d4 exd4 4. Nxd4 Bc5 5. Nxc6 Qf6 6. Qf3 dxc6 7. Nc3 Ne7
8. Be3 Bd6 9. O-O-O Qg6 10. h3 f5 11. Bc4 Be6 12. exf5 Nxf5 13. g4 Bxc4 14.
gxf5 O-O 15. Qe4 Qf7 16. Rhg1 Rfe8 17. Qg4 Be5 18. Bd4 Bd5 19. Bxe5 Rxe5 20.
Rde1 Rxf5 21. Re7 Qxe7 22. Qxf5 Qf7 23. Qe5 Rf8 24. Rg5 g6 25. Nxd5 cxd5 26. h4
Qf4+ 27. Qxf4 Rxf4 28. Rxd5 Rxf2 29. h5 Rf7 30. Kd2 Kg7 31. Ke3 Kh6 32. hxg6
hxg6 33. c3 g5 34. Rd1 g4 35. Rh1+ Kg5 36. Rh8 b6 37. b3 Rf3+ 38. Kd2 Rf2+ 39.
Ke3 Rxa2 40. b4 c5 41. bxc5 bxc5 42. Rc8 Ra5 43. c4 Kh4 44. Kf4 Kh3 45. Rh8+
Kg2 46. Rg8 Kf2 1/2-1/2

[Event "10th Rector Cup (women)"]
[Site "Kharkiv"]
[Date "2008.02.27"]
[Round "1"]
[White "Grapsa, G."]
[Black "Vozovic, O."]
[Result "1-0"]
[WhiteElo "2103"]
[BlackElo "2327"]
[PlyCount "113"]
[EventDate "2008.02.27"]
[SourceDate "2008.02.27"]

1. d4 Nf6 2. c4 g6 3. Nc3 Bg7 4. e4 d6 5. Nge2 e5 6. d5 Nh5 7. Be3 f5 8. exf5
gxf5 9. Ng3 Nf6 10. Nh5 O-O 11. Nxg7 Kxg7 12. Bg5 Qe8 13. Qd2 Qg6 14. O-O-O a6
15. f3 Nbd7 16. g4 h6 17. Be3 f4 18. Bf2 e4 19. Nxe4 Nxe4 20. fxe4 Ne5 21. Qd4
Kh7 22. h3 Bd7 23. Bd3 c5 24. dxc6 Bxc6 25. Bc2 Rae8 26. Qxd6 Rf6 27. Qd4 Qf7
28. Bh4 Rfe6 29. Rhf1 b5 30. c5 Rg6 31. Bb3 Nc4 32. Bxc4 bxc4 33. Bg3 f3 34. e5
a5 35. Qc3 a4 36. Rd6 Be4 37. Qd4 Bc6 38. Qf4 Qg8 39. Rxg6 Qxg6 40. Qf5 h5 41.
Qf4 Rb8 42. gxh5 Qxh5 43. e6 Re8 44. Qc7+ Kg8 45. Qxc6 Qg5+ 46. Kb1 Qg6+ 47.
Ka1 a3 48. Qxf3 axb2+ 49. Kxb2 c3+ 50. Kxc3 Qg7+ 51. Kc4 Rxe6 52. Qd5 Qg6 53.
Rf5 Qh6 54. Rg5+ Kf7 55. Qf5+ Ke7 56. Bd6+ Kd7 57. Qf7+ 1-0

[Event "10th Rector Cup (women)"]
[Site "Kharkiv"]
[Date "2008.02.27"]
[Round "1"]
[White "Borisova, E."]
[Black "Dvoretska, O."]
[Result "1/2-1/2"]
[WhiteElo "2305"]
[BlackElo "2164"]
[PlyCount "111"]
[EventDate "2008.02.27"]
[SourceDate "2008.02.27"]

1. d4 Nf6 2. c4 g6 3. Nc3 d5 4. Nf3 Bg7 5. Qb3 dxc4 6. Qxc4 c6 7. Bf4 b5 8. Qb3
Be6 9. Qc2 b4 10. Na4 O-O 11. e3 Bd5 12. Bd3 Qa5 13. b3 Bxf3 14. gxf3 Qd5 15.
Be4 Nxe4 16. fxe4 Qh5 17. Qe2 Qh3 18. Rc1 Qg2 19. Kd2 Qxe4 20. Nc5 Qf5 21. Qd3
Qh3 22. Rhg1 Nd7 23. Qe4 Nxc5 24. Rxc5 Qh4 25. Qf3 e5 26. Bxe5 Bxe5 27. Rxe5
Kh8 28. h3 f5 29. Rc5 f4 30. e4 Rad8 31. Rc4 Qf6 32. Qd3 a5 33. e5 Qe6 34. Rgc1
Rc8 35. h4 Rfd8 36. Qe4 f3 37. Ke3 Rd5 38. Qxf3 c5 39. Qf6+ Qxf6 40. exf6 cxd4+
41. Ke4 Rxc4 42. Rxc4 Rd8 43. Rxd4 Re8+ 44. Kf4 Kg8 45. Rd7 Re6 46. Kg5 Re5+
47. Kg4 Rf5 48. Rg7+ Kh8 49. Rf7 Kg8 50. Rg7+ Kh8 51. Ra7 Rxf6 52. f4 Rf5 53.
Kf3 Kg8 54. Ke4 Rh5 55. Ke3 Kf8 56. Kf3 1/2-1/2

[Event "10th Rector Cup (women)"]
[Site "Kharkiv"]
[Date "2008.02.27"]
[Round "1"]
[White "Ostroverkhova, E."]
[Black "Doluhanova, E."]
[Result "0-1"]
[WhiteElo "2055"]
[BlackElo "2223"]
[PlyCount "134"]
[EventDate "2008.02.27"]
[SourceDate "2008.02.27"]

1. d4 d5 2. Nf3 Nf6 3. c4 e6 4. Nc3 c6 5. cxd5 exd5 6. Bg5 Be7 7. e3 h6 8. Bh4
Ne4 9. Bxe7 Qxe7 10. Bd3 Bf5 11. Qc2 Nd7 12. O-O O-O 13. Rab1 Rae8 14. b4 a6
15. a4 Bg4 16. Ne1 Nxc3 17. Qxc3 Nf6 18. b5 cxb5 19. axb5 Rc8 20. Qa5 axb5 21.
Rxb5 Rc7 22. Nc2 Rfc8 23. h3 Bd7 24. Rb2 Rc3 25. Nb4 Qd6 26. Be2 b6 27. Qa6 Ne4
28. Nd3 Rb8 29. Rfb1 Ra3 30. Rxb6 Rxa6 31. Rxb8+ Kh7 32. Ne5 Be6 33. Bxa6 Qxa6
34. Rf8 f6 35. Nf7 Qe2 36. Rf1 Nd2 37. Ra1 Ne4 38. Rf1 Bxf7 39. Rxf7 Kg6 40.
Rd7 Qa2 41. Rc7 h5 42. Rcc1 h4 43. Ra1 Qb2 44. Rab1 Qc2 45. Rbc1 Qd2 46. Rcd1
Qe2 47. Rde1 Qc4 48. Rc1 Nc3 49. Kh1 Qd3 50. Ra1 Kh6 51. Kg1 g5 52. Rfe1 Qd2
53. Rf1 Kg6 54. Ra8 Ne2+ 55. Kh2 Qd3 56. Raa1 Nc3 57. Rfc1 Ne4 58. Rf1 Nd2 59.
Rfe1 Ne4 60. Kg1 Qc2 61. Rf1 g4 62. hxg4 h3 63. gxh3 Qe2 64. Kg2 Ng5 65. Rfe1
Qf3+ 66. Kf1 Ne4 67. Ra2 Ng3+ 0-1

[Event "10th Rector Cup (women)"]
[Site "Kharkiv"]
[Date "2008.02.27"]
[Round "1"]
[White "Breslavska, G."]
[Black "Sukandar, I."]
[Result "0-1"]
[WhiteElo "2216"]
[BlackElo "2266"]
[PlyCount "102"]
[EventDate "2008.02.27"]
[SourceDate "2008.02.27"]

1. e4 e5 2. Nf3 Nc6 3. Bb5 a6 4. Ba4 Nf6 5. O-O Be7 6. Re1 b5 7. Bb3 O-O 8. h3
Bb7 9. d3 d6 10. c3 Na5 11. Bc2 c5 12. Nbd2 Nc6 13. Nf1 Re8 14. Ng3 h6 15. Nf5
Bf8 16. Nh2 Ne7 17. Nxe7+ Qxe7 18. Ng4 Bc8 19. Nxf6+ Qxf6 20. Rf1 Qg6 21. Kh1
Bb7 22. Qg4 Qxg4 23. hxg4 d5 24. a4 d4 25. f4 Bd6 26. fxe5 Bxe5 27. cxd4 Bxd4
28. Bb3 Re7 29. axb5 axb5 30. Rxa8+ Bxa8 31. Bf4 Bc6 32. Bd6 Rd7 33. e5 Bxb2
34. Bxc5 Bxe5 35. Re1 Bf6 36. Re8+ Kh7 37. Rc8 Bd5 38. Bc2 Be6 39. d4+ g6 40.
Be4 Bd5 41. Bd3 Bc4 42. Be4 Bd5 43. Bd3 Rb7 44. Bb4 Be6 45. Ra8 Bxd4 46. Be4
Rc7 47. Bd6 Rc1+ 48. Kh2 b4 49. Bxb4 Be5+ 50. g3 Rc4 51. Bxg6+ Kxg6 0-1

[Event "10th Rector Cup (women)"]
[Site "Kharkiv"]
[Date "2008.02.28"]
[Round "2"]
[White "Doluhanova, E."]
[Black "Breslavska, G."]
[Result "1/2-1/2"]
[WhiteElo "2223"]
[BlackElo "2216"]
[PlyCount "70"]
[EventDate "2008.02.27"]
[SourceDate "2008.02.27"]

1. e4 c5 2. Na3 a6 3. c3 e6 4. Nf3 b5 5. d3 Bb7 6. Nc2 d6 7. Be2 Nf6 8. O-O Be7
9. a4 O-O 10. Ne3 Nbd7 11. Qc2 Bc6 12. axb5 axb5 13. Rxa8 Qxa8 14. Nd2 d5 15.
exd5 Nxd5 16. Bf3 Ne5 17. Bxd5 Bxd5 18. f4 Ng6 19. Nxd5 Qxd5 20. Nf3 Rd8 21.
Ne1 Bf6 22. Be3 Nh4 23. Qf2 b4 24. Bxc5 bxc3 25. bxc3 Bxc3 26. Bb6 Bd4 27. Bxd4
Qxd4 28. Qxd4 Rxd4 29. Rf2 h5 30. g3 Nf5 31. Rd2 Rd5 32. Nf3 Nd4 33. Nxd4 Rxd4
34. Kf2 g6 35. Ke3 Rd5 1/2-1/2

[Event "10th Rector Cup (women)"]
[Site "Kharkiv"]
[Date "2008.02.28"]
[Round "2"]
[White "Dvoretska, O."]
[Black "Ostroverkhova, E."]
[Result "1/2-1/2"]
[WhiteElo "2164"]
[BlackElo "2055"]
[PlyCount "124"]
[EventDate "2008.02.27"]
[SourceDate "2008.02.27"]

1. d4 d5 2. c4 c6 3. Nf3 Nf6 4. Nc3 e6 5. Bg5 Be7 6. Qc2 Nbd7 7. e3 O-O 8. Rc1
a6 9. a3 h6 10. Bh4 dxc4 11. Bxc4 c5 12. O-O b5 13. Ba2 cxd4 14. exd4 Bb7 15.
Ne5 Nb6 16. Bb1 Nbd5 17. Rcd1 Re8 18. Rfe1 Rc8 19. Bxf6 Nxf6 20. Qd3 Bd6 21.
Qh3 Qc7 22. Ba2 Bd5 23. Nxd5 Nxd5 24. Bxd5 exd5 25. Qf5 Bxe5 26. dxe5 Qc2 27.
Qxc2 Rxc2 28. b4 Rc3 29. Rxd5 Rxa3 30. g3 Ra4 31. Re4 a5 32. Rxb5 Rxb4 33.
Rexb4 axb4 34. f4 Ra8 35. Rxb4 Ra1+ 36. Kg2 Ra2+ 37. Kh3 h5 38. Rb1 Rf2 39. Rg1
Kh7 40. Rg2 Rf3 41. Rb2 Kg6 42. Kg2 Re3 43. Kf2 Ra3 44. Re2 Kf5 45. e6 fxe6 46.
Re5+ Kg6 47. Rxe6+ Kf7 48. Re2 Kf6 49. Kg2 g5 50. fxg5+ Kxg5 51. Re5+ Kg6 52.
Re4 Ra2+ 53. Kh3 Kf5 54. Re1 Kg5 55. Rg1 Rb2 56. Rg2 Rxg2 57. Kxg2 h4 58. Kh3
hxg3 59. hxg3 Kh5 60. Kg2 Kg4 61. Kf2 Kg5 62. Kf3 Kf5 1/2-1/2

[Event "10th Rector Cup (women)"]
[Site "Kharkiv"]
[Date "2008.02.29"]
[Round "3"]
[White "Borisova, E."]
[Black "Bulmaga, I."]
[Result "1-0"]
[WhiteElo "2305"]
[BlackElo "2132"]
[PlyCount "211"]
[EventDate "2008.02.27"]
[SourceDate "2008.02.27"]

1. d4 Nf6 2. c4 e6 3. Nf3 b6 4. g3 Bb7 5. Bg2 Be7 6. Nc3 O-O 7. d5 Re8 8. O-O
Bf8 9. Bf4 a6 10. Ne5 Qc8 11. Bg5 Be7 12. Qd3 d6 13. Nf3 e5 14. Ne4 Nxe4 15.
Qxe4 Qd8 16. Be3 Rf8 17. Rfd1 Nd7 18. b4 b5 19. Rac1 Nf6 20. Qc2 bxc4 21. Qxc4
Ne8 22. Nd2 Qd7 23. Nb3 h6 24. Na5 Bc8 25. Qc6 Qxc6 26. Nxc6 Bf6 27. Be4 h5 28.
Rd3 g6 29. Ra3 Bb7 30. Na5 Bc8 31. Bc2 Kh7 32. Ba4 Rb8 33. Bd2 Kg7 34. Bxe8
Rxe8 35. Rxc7 Rb5 36. e4 Bg4 37. Kg2 Bd8 38. Rc6 Bxa5 39. Rxa5 Rxa5 40. bxa5
Be2 41. Rxd6 Rc8 42. Bg5 Rc3 43. Bf6+ Kh7 44. Rd8 Bf3+ 45. Kh3 g5 46. Bxg5 Kg6
47. Rg8+ Kh7 48. Re8 Kg6 49. Kh4 Rc4 50. Rxe5 Bxe4 51. Bf4 Bf3 52. d6 Rd4 53.
Rg5+ Kf6 54. h3 Ke6 55. Re5+ Kf6 56. Re3 Bd1 57. Rc3 Be2 58. Rc7 Bf3 59. Ra7
Be2 60. d7 Ke7 61. d8=Q+ Kxd8 62. Kg5 Rd7 63. Ra8+ Ke7 64. Kh6 Rd5 65. Ra7+ Kf6
66. h4 Rxa5 67. Bg5+ Kf5 68. Rxf7+ Kg4 69. Rf4+ Kh3 70. a4 Kg2 71. Bd8 Rd5 72.
Rf8 Bd1 73. a5 Bg4 74. Bb6 Rd6+ 75. Kg5 Rd5+ 76. Kf4 Bf3 77. Rf6 Rb5 78. Ke3
Rb3+ 79. Kd4 Rb5 80. Bc7 Rb7 81. Bb6 Rd7+ 82. Ke5 Rd5+ 83. Ke6 Rd2 84. Kf7 Rd5
85. Ke6 Rd2 86. Ke7 Rd5 87. Bc7 Be2 88. Bb6 Bf3 89. Bd8 Be2 90. Bc7 Bd3 91. Ke6
Bc4 92. Ke7 Rd2 93. Bb6 Be2 94. Rh6 Rd5 95. Rg6 Bf3 96. Bc7 Be2 97. f4 Rc5 98.
Bb6 Rc3 99. f5 Bd3 100. Rg5 Bc4 101. f6 Rc1 102. Bc7 Be2 103. Be5 Bc4 104. f7
Bxf7 105. Kxf7 Rc5 106. Bf4 1-0

[Event "10th Rector Cup (women)"]
[Site "Kharkiv"]
[Date "2008.02.29"]
[Round "3"]
[White "Ostroverkhova, E."]
[Black "Vozovic, O."]
[Result "1-0"]
[WhiteElo "2055"]
[BlackElo "2327"]
[PlyCount "123"]
[EventDate "2008.02.27"]
[SourceDate "2008.02.27"]

1. d4 c5 2. d5 Nf6 3. c4 b5 4. a4 bxc4 5. Nc3 g6 6. e4 Bg7 7. Bxc4 O-O 8. Nf3
d6 9. h3 a5 10. Qd3 Nbd7 11. Bf4 Qb6 12. Rb1 Ba6 13. b3 Ne8 14. O-O Nc7 15.
Rfe1 Rfd8 16. Qc2 Rab8 17. e5 dxe5 18. Nxe5 Nxe5 19. Bxe5 Bxe5 20. Rxe5 Qf6 21.
Rbe1 Rd7 22. R5e3 Rb4 23. Ne4 Qd4 24. Bxa6 Nxa6 25. Rd1 Qg7 26. Nxc5 Rc7 27.
Rc3 Rd4 28. Rc1 Nb4 29. Qe2 Nxd5 30. Rc4 Qf6 31. Ne4 Qe5 32. Rxc7 Nxc7 33. Nf6+
Qxf6 34. Rxc7 Qd6 35. Rc1 h5 36. Re1 e6 37. Qe5 Qb4 38. Rc1 Rd8 39. Qf6 Qd2 40.
Qc3 Qg5 41. Re1 Rd2 42. Qe5 Qh4 43. Qe3 Qb4 44. Rc1 Rd8 45. Kh2 Qd6+ 46. Kg1
Rb8 47. Qc5 Qf4 48. Rc4 Qd2 49. Qd4 Qe1+ 50. Kh2 Qb1 51. Rc3 Qe1 52. Qe3 Qf1
53. Rc5 Qa6 54. Qe5 Rxb3 55. Rxa5 Qc8 56. Rb5 Rxb5 57. axb5 Qb7 58. Qc5 h4 59.
b6 Qe4 60. Qc7 e5 61. b7 Qf4+ 62. Kg1 1-0

[Event "10th Rector Cup (women)"]
[Site "Kharkiv"]
[Date "2008.02.29"]
[Round "3"]
[White "Breslavska, G."]
[Black "Dvoretska, O."]
[Result "1-0"]
[WhiteElo "2216"]
[BlackElo "2164"]
[PlyCount "61"]
[EventDate "2008.02.27"]
[SourceDate "2008.02.27"]

1. e4 c5 2. Nf3 e6 3. d4 cxd4 4. Nxd4 a6 5. Be2 Nf6 6. Nc3 Bb4 7. O-O Bxc3 8.
bxc3 Nxe4 9. Bd3 Nf6 10. Ba3 d6 11. Qf3 O-O 12. Qg3 e5 13. Nf5 Bxf5 14. Bxf5
Qc7 15. Rad1 Rd8 16. Bxd6 Qb6 17. Bxe5 Nh5 18. Bc7 Rxd1 19. Rxd1 Qf6 20. Qd3
Nc6 21. Bxh7+ Kh8 22. Be4 g6 23. Qf3 Rc8 24. Rd7 Kg7 25. Bxc6 Qe6 26. Qe4 Qxa2
27. Qd4+ Nf6 28. Bf3 Qe6 29. Be5 Rc4 30. Bxf6+ Kh7 31. Re7 1-0

[Event "10th Rector Cup (women)"]
[Site "Kharkiv"]
[Date "2008.02.29"]
[Round "3"]
[White "Sukandar, I."]
[Black "Doluhanova, E."]
[Result "1/2-1/2"]
[WhiteElo "2266"]
[BlackElo "2223"]
[PlyCount "67"]
[EventDate "2008.02.27"]
[SourceDate "2008.02.27"]

1. e4 c5 2. Nf3 Nc6 3. d4 cxd4 4. Nxd4 Nf6 5. Nc3 e5 6. Ndb5 d6 7. Bg5 a6 8.
Na3 b5 9. Nd5 Be7 10. Bxf6 Bxf6 11. c4 b4 12. Nc2 a5 13. g3 Bg5 14. Bg2 Ne7 15.
O-O O-O 16. Nxe7+ Qxe7 17. Qd3 Be6 18. b3 Rad8 19. a3 bxa3 20. Rxa3 f5 21. exf5
Bxf5 22. Be4 Bxe4 23. Qxe4 d5 24. cxd5 Qc5 25. b4 axb4 26. Nxb4 Bd2 27. Ra4
Bxb4 28. Qxb4 Qxd5 29. Qc4 Qxc4 30. Rxc4 Rd2 31. Re4 Rf5 32. h3 h5 33. Kg2 Kf7
34. g4 1/2-1/2

[Event "10th Rector Cup (women)"]
[Site "Kharkiv"]
[Date "2008.02.29"]
[Round "4"]
[White "Karlovich, A."]
[Black "Doluhanova, E."]
[Result "1/2-1/2"]
[WhiteElo "2198"]
[BlackElo "2223"]
[PlyCount "21"]
[EventDate "2008.02.27"]
[SourceDate "2008.02.27"]

1. e4 c5 2. Nc3 Nc6 3. d3 g6 4. g3 Bg7 5. Bg2 d6 6. f4 e6 7. Nf3 Nge7 8. O-O
Nd4 9. Be3 O-O 10. Kh1 Nxf3 11. Qxf3 1/2-1/2

[Event "10th Rector Cup (women)"]
[Site "Kharkiv"]
[Date "2008.02.29"]
[Round "4"]
[White "Dvoretska, O."]
[Black "Sukandar, I."]
[Result "0-1"]
[WhiteElo "2164"]
[BlackElo "2266"]
[PlyCount "78"]
[EventDate "2008.02.27"]
[SourceDate "2008.02.27"]

1. d4 d5 2. c4 e6 3. Nf3 Nf6 4. Nc3 Nbd7 5. Bg5 c6 6. e3 Qa5 7. Nd2 Bb4 8. Qc2
c5 9. Bxf6 Nxf6 10. Nb3 Qc7 11. cxd5 cxd4 12. Nxd4 Nxd5 13. Bb5+ Bd7 14. O-O
Bxc3 15. Bxd7+ Qxd7 16. bxc3 Rc8 17. Ne2 O-O 18. Rfd1 Qc6 19. Rac1 b5 20. Rd4
Nb6 21. Rh4 h6 22. Nd4 Qc5 23. Qe2 a6 24. Qg4 Kh8 25. Qh3 Rfd8 26. g4 Kg8 27.
f4 Qa3 28. Nb3 Qxa2 29. Nd4 Rxc3 30. Rxc3 Qa1+ 31. Kf2 Qxc3 32. g5 Nc4 33. gxh6
Nxe3 34. h7+ Kh8 35. Qxe3 Qxd4 36. Qxd4 Rxd4 37. Ke3 Rd5 38. Ke4 a5 39. f5 Rxf5
0-1

[Event "10th Rector Cup (women)"]
[Site "Kharkiv"]
[Date "2008.02.29"]
[Round "4"]
[White "Grapsa, G."]
[Black "Borisova, E."]
[Result "0-1"]
[WhiteElo "2103"]
[BlackElo "2305"]
[PlyCount "72"]
[EventDate "2008.02.27"]
[SourceDate "2008.02.27"]

1. d4 Nf6 2. c4 g6 3. Nc3 Bg7 4. e4 d6 5. Nge2 Nc6 6. d5 Ne5 7. Ng3 h5 8. f4
Ned7 9. Be2 c6 10. Be3 h4 11. Nf1 Qa5 12. Nd2 Qc7 13. Rc1 a5 14. a3 e6 15. O-O
Bh6 16. Bd4 e5 17. fxe5 dxe5 18. Bf2 h3 19. g3 O-O 20. c5 Qd8 21. Rc2 Nh7 22.
Nc4 f5 23. Ne3 Ndf6 24. dxc6 bxc6 25. Bc4+ Kg7 26. Rd2 Qe7 27. Rd6 f4 28. Nc2
Ng5 29. Qd3 Bg4 30. gxf4 Nf3+ 31. Kh1 Bxf4 32. Ne3 Nxh2 33. Bh4 g5 34. Rxf4
exf4 35. Bxg5 fxe3 36. Bxf6+ 36... Rxf6 {time} 0-1

[Event "10th Rector Cup (women)"]
[Site "Kharkiv"]
[Date "2008.03.01"]
[Round "5"]
[White "Ostroverkhova, E."]
[Black "Grapsa, G."]
[Result "1/2-1/2"]
[WhiteElo "2055"]
[BlackElo "2103"]
[PlyCount "53"]
[EventDate "2008.02.27"]
[SourceDate "2008.02.27"]

1. d4 d5 2. Nf3 Nf6 3. c4 c6 4. Nc3 e6 5. Bg5 h6 6. Bh4 Be7 7. e3 a6 8. cxd5
exd5 9. Bd3 O-O 10. Qc2 Nbd7 11. O-O Re8 12. Rab1 Ne4 13. Bxe7 Qxe7 14. b4 Ndf6
15. h3 Bf5 16. Ne2 Bh7 17. Ne5 Nd6 18. Bxh7+ Nxh7 19. Ng3 Ng5 20. a4 Qe6 21.
Ne2 f6 22. Nf4 Qe7 23. Ned3 Nc4 24. Rb3 Ne4 25. Rd1 Qf7 26. Nc5 Ned6 27. Qg6
1/2-1/2

[Event "10th Rector Cup (women)"]
[Site "Kharkiv"]
[Date "2008.03.01"]
[Round "5"]
[White "Breslavska, G."]
[Black "Bulmaga, I."]
[Result "1-0"]
[WhiteElo "2216"]
[BlackElo "2132"]
[PlyCount "133"]
[EventDate "2008.02.27"]
[SourceDate "2008.02.27"]

1. e4 c6 2. d4 d5 3. Nc3 dxe4 4. Nxe4 Bf5 5. Ng3 Bg6 6. h4 h6 7. h5 Bh7 8. Nf3
Nd7 9. Bd3 Bxd3 10. Qxd3 e6 11. Bd2 Qc7 12. O-O-O Ngf6 13. Ne4 O-O-O 14. g3
Nxe4 15. Qxe4 Bd6 16. c4 c5 17. Kb1 Rhe8 18. Bc3 Nf6 19. Qe2 cxd4 20. Nxd4 a6
21. Rc1 Kb8 22. Nb3 Qc6 23. Rh4 Bc7 24. c5 Qd5 25. c6 b5 26. Bb4 e5 27. Bc5 Re6
28. Qc2 Kc8 29. Be3 Rdd6 30. Nc5 Rxc6 31. Qf5 Rxc5 32. Rxc5 Qd7 33. Rh1 Kb8 34.
Rhc1 Ne8 35. Qc2 f6 36. Rd1 Rd6 37. Rxd6 Nxd6 38. b3 Kb7 39. Rd5 Qc6 40. Qd3 e4
41. Qd2 Kb8 42. Rc5 Qb7 43. Bf4 Qb6 44. Qd5 Ne8 45. b4 Bxf4 46. gxf4 Qd6 47.
Qxe4 Nc7 48. Kb2 Qd2+ 49. Rc2 Qd6 50. f5 Qd7 51. a3 Qd6 52. Kb3 Qd7 53. Kb2 Qd6
54. Re2 Qd7 55. Kc2 Qf7 56. Kb2 Qd7 57. Qf4 Kb7 58. Rd2 Qe7 59. Qd6 Qf7 60. Rc2
Nd5 61. Qe6 Qxe6 62. fxe6 Ne7 63. f4 Nf5 64. Re2 Nd6 65. Rg2 Kc7 66. Rxg7+ Kc8
67. Rh7 1-0

[Event "10th Rector Cup (women)"]
[Site "Kharkiv"]
[Date "2008.03.01"]
[Round "5"]
[White "Sukandar, I."]
[Black "Vozovic, O."]
[Result "0-1"]
[WhiteElo "2266"]
[BlackElo "2327"]
[PlyCount "70"]
[EventDate "2008.02.27"]
[SourceDate "2008.02.27"]

1. e4 g6 2. d4 Bg7 3. Nf3 d6 4. Nc3 Nf6 5. h3 O-O 6. Be3 c6 7. Qd2 b5 8. Bd3
Qc7 9. O-O e5 10. a4 b4 11. Ne2 d5 12. Nxe5 dxe4 13. Bc4 c5 14. Bf4 cxd4 15.
Qxb4 Ba6 16. Bxa6 Nxa6 17. Qb5 Qc8 18. Nc6 Re8 19. Nexd4 Nc7 20. Bxc7 Qxc7 21.
c3 Nh5 22. Nb4 a6 23. Qc6 Qe5 24. Nxa6 Nf4 25. Qb5 Qd6 26. Nc6 e3 27. fxe3 Rxe3
28. Rxf4 Qxf4 29. Rf1 Qg3 30. Qc4 Re6 31. Nab4 Rae8 32. a5 Bf8 33. Nd4 Re1 34.
Qxf7+ Kh8 35. Nf3 Bc5+ 0-1

[Event "10th Rector Cup (women)"]
[Site "Kharkiv"]
[Date "2008.03.01"]
[Round "5"]
[White "Doluhanova, E."]
[Black "Dvoretska, O."]
[Result "0-1"]
[WhiteElo "2223"]
[BlackElo "2164"]
[PlyCount "110"]
[EventDate "2008.02.27"]
[SourceDate "2008.02.27"]

1. e4 c5 2. Nf3 e6 3. d3 Nc6 4. g3 Nf6 5. Bg2 d5 6. Nbd2 Be7 7. O-O Qc7 8. c3
b5 9. Re1 O-O 10. Nf1 dxe4 11. dxe4 Bb7 12. Qc2 c4 13. Bf4 Qb6 14. Bg5 h6 15.
Be3 Bc5 16. Bxc5 Qxc5 17. Ne3 Ne5 18. Nxe5 Qxe5 19. Qe2 Nd7 20. f4 Qc7 21. Rf1
Nc5 22. Ng4 Rfe8 23. Nf2 Qc6 24. Rad1 Rad8 25. Rd4 Qb6 26. Rfd1 a5 27. Qd2 Rc8
28. Rd6 Qa7 29. Qd4 Qa8 30. g4 e5 31. fxe5 Ne6 32. Qe3 Nc5 33. Qf4 Re7 34. h4
Rce8 35. g5 h5 36. Rf1 Qa7 37. Kh2 Bc8 38. Bf3 g6 39. Nh1 Nd3 40. Qf6 Nxe5 41.
Kg2 Nxf3 42. Rxf3 Rxe4 43. Nf2 Re2 44. Rd8 Qe7 45. Qxe7 R2xe7 46. Rxe8+ Rxe8
47. Kf1 Bf5 48. Rf4 a4 49. Rd4 f6 50. gxf6 Kf7 51. Rd6 Rb8 52. Nd1 b4 53. cxb4
Rxb4 54. Rc6 a3 55. bxa3 55... Ra4 {time} 0-1

[Event "10th Rector Cup (women)"]
[Site "Kharkiv"]
[Date "2008.03.02"]
[Round "6"]
[White "Bulmaga, I."]
[Black "Sukandar, I."]
[Result "1-0"]
[WhiteElo "2132"]
[BlackElo "2266"]
[PlyCount "69"]
[EventDate "2008.02.27"]
[SourceDate "2008.02.27"]

1. e4 c5 2. Nf3 g6 3. c4 Nc6 4. d4 cxd4 5. Nxd4 Nf6 6. Nc3 d6 7. Nc2 Bg7 8. Be2
O-O 9. O-O Be6 10. Bd2 Nd7 11. Kh1 Nc5 12. f3 a5 13. Be3 a4 14. Qd2 Qa5 15.
Rac1 Rfc8 16. Nd4 Nxd4 17. Bxd4 Nd7 18. Bxg7 Kxg7 19. Qd4+ Qe5 20. Qxe5+ Nxe5
21. Nd5 Bxd5 22. cxd5 a3 23. b3 Nd7 24. Kg1 Nb6 25. Kf2 Kf6 26. Ke3 e6 27. dxe6
fxe6 28. f4 Ke7 29. Rfd1 Nd7 30. g3 h6 31. Bf3 Rab8 32. Be2 Nf6 33. Bf3 g5 34.
h3 b5 35. Be2 {time} 1-0

[Event "10th Rector Cup (women)"]
[Site "Kharkiv"]
[Date "2008.03.02"]
[Round "6"]
[White "Grapsa, G."]
[Black "Breslavska, G."]
[Result "0-1"]
[WhiteElo "2103"]
[BlackElo "2216"]
[PlyCount "74"]
[EventDate "2008.02.27"]
[SourceDate "2008.02.27"]

1. Nf3 Nf6 2. c4 c5 3. g3 d5 4. cxd5 Nxd5 5. Bg2 Nc6 6. Nc3 Nc7 7. O-O e5 8. d3
Be7 9. Nd2 O-O 10. Nc4 f6 11. f4 exf4 12. Bxf4 Be6 13. Kh1 Nd5 14. Bd2 Qd7 15.
Ne3 Nxe3 16. Bxe3 Nd4 17. Rc1 Rac8 18. b3 b6 19. Bg1 Rfd8 20. e4 Nc6 21. Nd5
Rf8 22. Be3 Bd6 23. Rc2 Be5 24. a3 Ne7 25. Nxe7+ Qxe7 26. Rd2 Rfd8 27. Bf4 Bc3
28. Rdf2 Bd4 29. Rd2 Qd7 30. Bf3 Qb5 31. e5 Qxb3 32. Qxb3 Bxb3 33. Re2 Bxe5 34.
Bxe5 fxe5 35. Rxe5 Rxd3 36. Be4 Rdd8 37. Re7 Re8 0-1

[Event "10th Rector Cup (women)"]
[Site "Kharkiv"]
[Date "2008.03.02"]
[Round "6"]
[White "Borisova, E."]
[Black "Ostroverkhova, E."]
[Result "1-0"]
[WhiteElo "2305"]
[BlackElo "2055"]
[PlyCount "103"]
[EventDate "2008.02.27"]
[SourceDate "2008.02.27"]

1. d4 d5 2. c4 e6 3. Nf3 Nf6 4. g3 c6 5. Bg2 Bd6 6. O-O Nbd7 7. Qc2 Qe7 8. Nbd2
O-O 9. e4 dxe4 10. Nxe4 Nxe4 11. Qxe4 e5 12. Re1 f5 13. Qc2 e4 14. Bg5 Qf7 15.
Nd2 h6 16. Be3 Nf6 17. Rad1 g5 18. d5 cxd5 19. Bd4 Be6 20. f3 Rac8 21. fxe4
Nxe4 22. b3 Bc5 23. Nxe4 dxe4 24. Bxc5 Rxc5 25. Qf2 b6 26. Rd6 Qf6 27. Red1
Rcc8 28. Qd2 Qe5 29. Kh1 Rfe8 30. Re1 Kh7 31. g4 Qf4 32. Qd4 e3 33. Qd3 Qe5 34.
Rxe3 Qa1+ 35. Bf1 Bf7 36. Qxf5+ Kg8 37. Rf3 Qg7 38. Rd7 Rf8 39. Rxa7 Rc5 40.
Qd3 Rcc8 41. Rd7 Rc6 42. Bg2 Rf6 43. Qd4 Rxf3 44. Qxg7+ Kxg7 45. Bxf3 Kf6 46.
Rd6+ Ke5 47. Rxb6 Bxc4 48. Kg2 Be6 49. a4 Rc8 50. a5 h5 51. gxh5 g4 52. Rxe6+
1-0

[Event "10th Rector Cup (women)"]
[Site "Kharkiv"]
[Date "2008.03.02"]
[Round "7"]
[White "Doluhanova, E."]
[Black "Bulmaga, I."]
[Result "1-0"]
[WhiteElo "2223"]
[BlackElo "2132"]
[PlyCount "55"]
[EventDate "2008.02.27"]
[SourceDate "2008.02.27"]

1. e4 e5 2. Nf3 Nf6 3. Nxe5 d6 4. Nf3 Nxe4 5. Nc3 Nxc3 6. dxc3 Be7 7. Bf4 O-O
8. Qd2 Nd7 9. O-O-O Re8 10. Kb1 Nc5 11. Bc4 Be6 12. Bxe6 Nxe6 13. Be3 c5 14. h4
b5 15. Ng5 h6 16. Nxe6 fxe6 17. Rh3 Bf8 18. g4 Qc7 19. g5 hxg5 20. hxg5 Kf7 21.
Bf4 e5 22. Qd5+ Ke7 23. Bxe5 Kd7 24. Rf3 Rxe5 25. Qxe5 Re8 26. Rf7+ Be7 27.
Qxg7 Qd8 28. Re1 1-0

[Event "10th Rector Cup (women)"]
[Site "Kharkiv"]
[Date "2008.03.02"]
[Round "7"]
[White "Dvoretska, O."]
[Black "Vozovic, O."]
[Result "0-1"]
[WhiteElo "2164"]
[BlackElo "2327"]
[PlyCount "54"]
[EventDate "2008.02.27"]
[SourceDate "2008.02.27"]

1. d4 Nf6 2. Nf3 c5 3. d5 g6 4. g3 Bg7 5. Bg2 d6 6. O-O b5 7. Re1 Nbd7 8. e4
O-O 9. c3 Nb6 10. Bg5 a5 11. e5 dxe5 12. Nxe5 Bb7 13. d6 Bxg2 14. dxe7 Qxe7 15.
Kxg2 Qb7+ 16. f3 Rfe8 17. Nd2 Nfd5 18. Ng4 f6 19. Bf4 g5 20. Bd6 Qc6 21. Ne4 f5
22. Bxc5 fxe4 23. Bxb6 Nxb6 24. fxe4 Rad8 25. Qc2 Nc4 26. Re2 h5 27. Nf2 Rd2
0-1

[Event "10th Rector Cup (women)"]
[Site "Kharkiv"]
[Date "2008.03.03"]
[Round "8"]
[White "Bulmaga, I."]
[Black "Dvoretska, O."]
[Result "0-1"]
[WhiteElo "2132"]
[BlackElo "2164"]
[PlyCount "106"]
[EventDate "2008.02.27"]
[SourceDate "2008.02.27"]

1. e4 c5 2. Nf3 e6 3. c3 d5 4. exd5 Qxd5 5. d4 Nf6 6. Na3 Qd8 7. Nc2 Nc6 8. Bd3
Be7 9. O-O O-O 10. Qe2 Qc7 11. Bg5 cxd4 12. Ncxd4 Nxd4 13. cxd4 Rd8 14. Rfd1 h6
15. Bh4 Bd7 16. Ne5 Be8 17. Rac1 Qd6 18. h3 Rac8 19. Rxc8 Rxc8 20. Bxf6 Bxf6
21. Qe4 Qb4 22. Ng4 Bxd4 23. Ne3 Qxb2 24. Rf1 Bxe3 25. Qh7+ Kf8 26. fxe3 Rc1
27. Qh8+ Ke7 28. a4 Bc6 29. e4 Qd4+ 30. Kh1 Rxf1+ 31. Bxf1 Bxe4 32. Qc8 Qxa4
33. Qc7+ Kf6 34. Qf4+ Kg6 35. Kh2 Kh7 36. Qxf7 Qc6 37. Qf4 a5 38. Bb5 Qd5 39.
Qf1 Bxg2 40. Qxg2 Qxb5 41. Qe4+ Qf5 42. Qxb7 a4 43. Qb4 Qc2+ 44. Kg1 e5 45. Qa5
Qe4 46. Kh2 Qd4 47. Kg2 Qb2+ 48. Kg3 a3 49. Qa4 Qc3+ 50. Kg2 Qd3 51. Qa5 Qc2+
52. Kg3 a2 53. Qxe5 Qb1 0-1